Szczegóły MARC21

Stabilność, sport oraz wydajność ruchowa : biomechanika praktyczna i systematyczny trening dla osiągnięcia wydajności ruchowej i zapobiegania urazom /

003 -Nazwa inst., której nr kontr. jest w polu 001 [,]
    • @
    • Nazwa instytucji, której n kontrolny jest w polu 001
    • NUKAT
005 -DATA I CZAS OSTATNIEJ MODYFIKACJI [,]
    • @
    • pole kontrolne
    • 20241231094006.0
020 -Międzynarod. znormalizowany nr książki - ISBN [ , ]
    • a
    • Numer ISBN
    • 9788394193614 Find
    • q
    • Dopowiedzenie
    • WSEiT
020 -Międzynarod. znormalizowany nr książki - ISBN [ , ]
    • a
    • Numer ISBN
    • 9788394193713 Find
    • q
    • Dopowiedzenie
    • Galilea
040 -Instytucja sporządzająca opis [ , ]
    • a
    • Instytucja, która sporządziła opis (NP)
    • BYDG 020/AM
    • c
    • Instytucja, która sporządziła rekord (NP)
    • BYDG 020/AM
    • d
    • Instytucja, która zmodyfikowała rekord (P)
    • BYDG 020/ED
    • d
    • Instytucja, która zmodyfikowała rekord (P)
    • OLSZT 003/ISOs
    • d
    • Instytucja, która zmodyfikowała rekord (P)
    • WA M/ES
    • d
    • Instytucja, która zmodyfikowała rekord (P)
    • SZCZ U/JS
041 -Język dokumentu [1, ]
    • a
    • Język tekstu (P)
    • polski
    • h
    • Język tekstu oryginalnego i/lub pośredniego (P)
    • angielski
942 -Rodzaj dokumentu [ , ]
    • c
    • Rodzaj dokumentu
    • Książka
100 -Hasło główne - nazwa osobowa [1, ]
    • a
    • Nazwa osobowa (NP)
    • Elphinston, Joanne.
    • 9
    • KHW
    • 94036
245 -Strefa tytułu i oznaczenia odpowiedzialności [1,0]
    • a
    • Tytuł
    • Stabilność, sport oraz wydajność ruchowa : Find
    • b
    • Ciąg dalszy tytułu (NP)
    • biomechanika praktyczna i systematyczny trening dla osiągnięcia wydajności ruchowej i zapobiegania urazom / Find
    • c
    • Pozostałe elementy strefy tytułu i oznaczenia odpowiedzialności (NP)
    • Joanne Elphinston ; [korekta językowa Małgorzata Kowalska].
246 -Wariant tytułu [1, ]
    • i
    • Tekst wyświetlany na ekranie monitora (NP)
    • Tyt. oryg.:
    • a
    • Tytuł (NP)
    • Stability, sport and performance movement :
    • b
    • Ciąg dalszy tytułu (NP)
    • practical biomechanics and systematic training for movement efficacy and injury prevention
250 -Strefa wydania [ , ]
    • a
    • Oznaczenie wydania (NP)
    • Wyd. 2 pol. /
    • b
    • Ciąg dalszy strefy wydania (NP)
    • red. nauk. Adam M. Pogorzała.
260 -Strefa adresu wydawniczego [ , ]
    • a
    • Miejsce wydania (P)
    • Poznań :
    • b
    • Nazwa wydawcy (P)
    • Wydawnictwo WSEiT :
    • b
    • Nazwa wydawcy (P)
    • Galilea Press,
    • c
    • Data wydania (P)
    • cop. 2016.
300 -Strefa opisu fizycznego [ , ]
    • a
    • Określenie formy książki i/lub objętość (NP)
    • 396 s. :
    • b
    • Oznaczenie ilustracji (NP)
    • il. ;
    • c
    • Format (NP)
    • 28 cm.
336 -Typ zawartości [ , ]
    • a
    • Termin opisujący typ zawartości
    • Tekst
    • b
    • Kod określający zawartość
    • txt
    • 2
    • Źródło (terminu i kodu)
    • rdacontent
337 -Typ mediów [ , ]
    • a
    • Tryb odtwarzania
    • Bez urządzenia pośredniczącego
    • b
    • Kod typu mediów
    • n
    • 2
    • Źródło (terminu i kodu)
    • rdamedia
338 -Typ/rodzaj nośnika [ , ]
    • a
    • Hasło opisujące typ nośnika
    • Wolumin
    • b
    • Kod typu nośnika
    • nc
    • 2
    • Źródło (terminu i kodu)
    • rdacarrier
504 -Uwaga dot. bibliogr. załącznikowej [ , ]
    • a
    • Uwaga dot. bibliografii załącznikowej
    • Bibliogr. s. 379-387. Indeks.
080 -Uniwersalna Klasyfikacja Dziesiętna [ , ]
    • 2
    • Identyfikator wydania tablic
    • UDC-P058
    • 9
    • UKD
    • 6278
    • a
    • Symbol klasyfikacji
    • 796.012
    • b
    • Dopowiedzenie
    • Fizjologia sportu. Fizjologia wysiłku. Motoryka.
    • 4
    • UKD2
    • 8594
    • x
    • Poddział wspólny
    • (07)
    • c
    • Dopowiedzenie poddz. wspólnego
    • (Wydawnictwa dydaktyczne. Podręczniki).
080 -Uniwersalna Klasyfikacja Dziesiętna [ , ]
    • 2
    • Identyfikator wydania tablic
    • UDC-P058
    • 9
    • UKD
    • 6279
    • a
    • Symbol klasyfikacji
    • 796.015
    • b
    • Dopowiedzenie
    • Trening. Przygotowanie sportowe.
    • 4
    • UKD2
    • 8594
    • x
    • Poddział wspólny
    • (07)
    • c
    • Dopowiedzenie poddz. wspólnego
    • (Wydawnictwa dydaktyczne. Podręczniki).
650 -Hasło przedmiotowe [ ,7]
    • a
    • Hasło przedmiotowe
    • Biomechanika
    • x
    • Określnik rzeczowy
    • zastosowanie w leczeniu
    • v
    • Określnik formalny
    • podręczniki.
    • 2
    • Źródło terminu
    • kaba
    • 9
    • KHW
    • 392555
650 -Hasło przedmiotowe [ ,7]
    • a
    • Hasło przedmiotowe
    • Motoryka
    • x
    • Określnik rzeczowy
    • aspekt fizjologiczny
    • v
    • Określnik formalny
    • podręczniki.
    • 2
    • Źródło terminu
    • kaba
    • 9
    • KHW
    • 355895
980 -Symbol UKD [ , ]
    • a
    • UKD
    • 796.012:796.015](07)
700 -Hasło dodatkowe - nazwa osobowa [1, ]
    • a
    • Nazwa osobowa (NP)
    • Pogorzała, Adam M. Find
    • e
    • Określenie rodzaju współpracy
    • Red.
    • 9
    • KHW
    • 79712
700 -Hasło dodatkowe - nazwa osobowa [1, ]
    • a
    • Nazwa osobowa (NP)
    • Kowalska, Małgorzata Find
    • c
    • Dopowiedzenie inne niż daty biograficzne (NP)
    • (medycyna).
    • e
    • Określenie rodzaju współpracy
    • Tł.
    • 9
    • KHW
    • 94035
710 -Hasło dodatkowe - nazwa ciała zbiorowego [2, ]
    • a
    • Nazwa ciała zbiorowego lub nazwa geograficzna jako pierwszy element (NP)
    • Wyższa Szkoła Edukacji i Terapii (Poznań).
    • b
    • Nazwa jednostki podrzędnej (P)
    • Wydawnictwo.
    • 4
    • Kod relacji
    • pbl
    • 9
    • KHW
    • 78389
920 -ISBN [ , ]
    • a
    • ISBN
    • 978-83-941936-1-4 Find
    • q
    • Dopowiedzenie
    • WSEiT
920 -ISBN [ , ]
    • a
    • ISBN
    • 978-83-941937-1-3 Find
    • q
    • Dopowiedzenie
    • Galilea
Numer inwentarzowy Data inwentaryzacji Status udost. Sygnatura Lokalizacja
WM.221142018-06-11-3 BG
WM.221152018-06-11-3 BG
WF.99432016-05-231Teoria i metodyka sportu 32BM